000 00709nam a2200217Ia 4500
003 IN-BaIIA
008 211028s9999 xx s 000 0 eng d
020 _a978-2-7598-0490-0 (Online)
022 _a1633-4760 (Print)
022 _a1638-1963 (Online)
040 _cIIA Library
100 _aMontmerle, T., ed.
_916036
245 0 _aPhysics and Astrophysics of Planetary Systems
_h[eBook]
260 _aFrance
_bEDP Sciences
_c2010
300 _avi, 520p.
490 _aEAS Publications Series
700 _aEhrenreich, D.
_938198
700 _aLagrange, A.-M.
_938199
856 _uhttps://www.eas-journal.org/articles/eas/abs/2010/02/contents/contents.html
_yClick Here to Access eBook
942 _cEB
999 _c20635
_d20635